| 000 | 00726cam a2200265 4500 | ||
|---|---|---|---|
| 008 | 090401t1995 xxu||||| |||| 00| 0 eng d | ||
| 020 | _a0752002783 | ||
| 035 | _a(Sirsi) u71032 | ||
| 041 | _aeng | ||
| 050 | _a346.4104343 | ||
| 100 | _aAldridge, T.M. | ||
| 245 | _aPrivity of contract: Landlord and Tenant (Covenants) Act 1995. | ||
| 260 |
_aLondon _bFT Law and Tax _c1995 |
||
| 300 | _a24p. ; 22cm. | ||
| 350 | _a10.95 | ||
| 650 | _aASSIGNMENT | ||
| 650 | _aBUSINESSES TENANCIES | ||
| 650 | _aCOVENANTS | ||
| 650 | _aLANDLORD AND TENANT (COVENANTS) ACT 1995 | ||
| 650 | _aLEASES | ||
| 650 | _aPRIVITY OF CONTRACT | ||
| 690 | _aLANDLORD AND TENANT-BUSINESS TENANCIES | ||
| 942 | _n0 | ||
| 948 | _c04/03/1997 | ||
| 999 |
_c95370 _d95370 |
||